Statistics for New Zealand Rugby - Tri-Nations/Rugby Championship Captains

Click here to take the quiz!

General Stats

  • This quiz has been taken 38 times
  • The average score is 8 of 12

Answer Stats

Games as CaptainYearsCaptain% Correct
472006-2005Richard McCaw
97%
212013-2019Kieran Read
89%
82004-2005Tana Umaga
86%
81996-1997Sean Fitzpatrick
75%
12019Sam Cane
72%
12018Sam Whitelock
72%
82002-2003Reuben Thorne
61%
81998-1999Taine Randell
56%
42001Anton Oliver
53%
12011Keven Mealamu
47%
42000Todd Blackadder
47%
32008Rodney So'oialo
28%

Score Distribution

Percentile by Number Answered

Percent of People with Each Score

Your Score History

You have not taken this quiz